000 00860cam a22002773a 4500
001 11161
003 PGUSA
005 20140828083233.0
008 040201s2004||||xxu|||||s|||||000 1 eng d
040 _aPGUSA
_beng
042 _adc
050 4 _aPS
100 1 _aWebster, Henry Kitchell,
_d1875-1932
245 1 0 _aMary Wollaston
_h[electronic resource] /
_cHenry Kitchell Webster
260 _bProject Gutenberg,
_c2004
506 _aPublic domain in the USA.
516 _aElectronic text
653 _aTriangles (Interpersonal relations) -- Fiction
653 _aUnited States -- Social life and customs -- 20th century -- Fiction
653 _aYoung women -- Fiction
653 _aComposers -- Fiction
653 _aFamilies -- Fiction
830 0 _aProject Gutenberg
_v11161
856 4 0 _uhttp://www.gutenberg.org/ebooks/11161
942 _cEB
999 _c240416
_d240416